Top 5 Most Famous by First Name: K (#2) - Statistics

General Stats
  • This quiz has been taken 7 times
  • The average score is 7 of 44
Answer Stats
First Name Last Name Hint Lifespan % Correct
Khloe Kardashian Media Personality / Socialite / Model 1984-
100%
Kieran Culkin Actor 1982-
50%
Kevin Durant Basketball Player 1988-
50%
Kate Hudson Actress / Author / Fashion Entrepreneur 1979-
50%
Kevin Smith Filmmaker / Actor / Comedian / Comic Book Writer / Author / Podcaster 1970-
50%
Kate Winslet Actress 1975-
50%
Kitty Carlisle Actress / Singer / Spokeswoman 1910-2007
33%
Kevin Hart Stand-Up Comedian / Actor / Producer 1979-
33%
Kara Kennedy Political Family Member / Filmmaker / TV Producer 1960-2011
33%
Kate McKinnon Actress / Comedian / Writer 1984-
33%
Kevin Spacey Actor / Producer / Singer 1959-
33%
Kate Beckinsale Actress / Model 1973-
17%
Kate Bush Singer / Songwriter / Musician / Dancer / Record Producer 1958-
17%
Kevin De Bruyne Footballer 1991-
17%
Kiera Hogan Wrestler 1994-
17%
Kitty Kelley Journalist / Author 1942-
17%
Kayleigh McEnany Political Commentator / Author / White House Press Secretary 1988-
17%
Kieran Tierney Footballer 1997-
17%
Kieran Trippier Footballer 1990-
17%
Kara Walker Contemporary Painter / Silhouettist / Print-Maker / Installation Artist / Filmmaker / Professor 1969-
17%
Kitty Wells Singer 1919-2012
17%
Kiara Advani Actress 1992-
0%
Kiera Allen Actress 1997-
0%
Katlyn Breene Musician ????-
0%
Kiera Cass Writer 1981-
0%
Kiera Chaplin Model / Entrepreneur / Activist / Singer / Actress 1982-
0%
Katlyn Chookagian Mixed Martial Artist 1988-
0%
Kiara Delgado Singer / Composer / Actress / Lawyer / TV Presenter 1962-
0%
Kitty Flanagan Comedian / Writer / Actress 1968-
0%
Kieran Foran Rugby Player 1990-
0%
Kieran Gibbs Footballer 1989-
0%
Kayleigh Gilbert Actress ????-
0%
Kayleigh Green Footballer 1988-
0%
Kara Hayward Actress 1998-
0%
Kayleigh Hines Footballer 1991-
0%
Katlyn Johnson Footballer 1994-
0%
Kiara Laetitia Singer / Entrepreneur 1979-
0%
Kiara Muhammad Actress 1998-
0%
Kiara Nowlin Gymnast / Power Tumbler / Cheerleader 1995-
0%
Kayleigh Pearson Model 1985-
0%
Kitty Ray Singer / Songwriter / Producer / Visual Artist / Record Label Owner / Rapper 1993-
0%
Kiera Skeels Footballer 2001-
0%
Kara Swisher Journalist 1962-
0%
Kara Wai Actress 1960-
0%
No matching quizzes found
Score Distribution
Percent of People with Each Score
Percentile by Number Answered
Your Score History
You have not taken this quiz